UBT Library

The Balancing act : (Record no. 40856)

000 -LEADER
fixed length control field 00827cam a2200217 a 4500
001 - CONTROL NUMBER
control field 3827233
005 - DATE AND TIME OF LATEST TRANSACTION
control field 20180124071809.0
008 - FIXED-LENGTH DATA ELEMENTS--GENERAL INFORMATION
fixed length control field 860122s1985 dcua b 100 0 eng
010 ## - LIBRARY OF CONGRESS CONTROL NUMBER
LC control number 86107440
040 ## - CATALOGING SOURCE
Original cataloging agency DLC
Transcribing agency DLC
Modifying agency DLC
041 ## - LANGUAGE CODE
Language code of text/sound track or separate title eng
080 ## - UNIVERSAL DECIMAL CLASSIFICATION NUMBER
Universal Decimal Classification number 640 NIC
082 00 - DEWEY DECIMAL CLASSIFICATION NUMBER
Classification number 640 NIC
Edition number 19
100 ## - Rafti
Rafti 53
101 ## - Shkurtesa
Shkurtesa MEN
245 04 - TITLE STATEMENT
Title The Balancing act :
Statement of responsibility, etc Sharon Y. Nickols, editor ; Sue E. Williams, workshop chair.
504 ## - BIBLIOGRAPHY, ETC. NOTE
Bibliography, etc Includes bibliographies.
740 0# - ADDED ENTRY--UNCONTROLLED RELATED/ANALYTICAL TITLE
Uncontrolled related/analytical title Thinking globally/acting locally.
906 ## - LOCAL DATA ELEMENT F, LDF (RLIN)
a 7
b cbc
c orignew
d 2
e ncip
f 19
g y-gencatlg
942 ## - ADDED ENTRY ELEMENTS (KOHA)
Source of classification or shelving scheme
Item type Books
Holdings
Withdrawn status Lost status Source of classification or shelving scheme Damaged status Not for loan Collection code Permanent location Current location Shelving location Date acquired Total Checkouts Full call number Barcode Date last seen Price effective from Koha item type
          Koleksioni i përgjithshem UBT - Lipjan UBT - Lipjan Koleksioni i përgjithshem 01/24/2018   640 NIC 002-2996309 01/24/2018 01/24/2018 Books
UBT Library © 2015-2024. All rights reserved University Education for Business and Technology